Diagnostic imaging : (Record no. 171623)

MARC details
000 -LEADER
fixed length control field 01344cam a2200349 a 4500
001 - CONTROL NUMBER
control field 1376852129
003 - CONTROL NUMBER IDENTIFIER
control field OSt
005 - DATE AND TIME OF LATEST TRANSACTION
control field 20250613114334.0
008 - FIXED-LENGTH DATA ELEMENTS--GENERAL INFORMATION
fixed length control field 230421s2023 paua b 001 0 eng d
020 ## - INTERNATIONAL STANDARD BOOK NUMBER
International Standard Book Number 9780323877572 (Hardcover)
040 ## - CATALOGING SOURCE
Original cataloging agency ZNC
Language of cataloging eng
Transcribing agency ZNC
Modifying agency NUST
Description conventions rda
050 #4 - LIBRARY OF CONGRESS CALL NUMBER
Classification number RC78 WIB
100 ## - MAIN ENTRY--PERSONAL NAME
Personal name Wible, Brandt C
Relator term Author
245 00 - TITLE STATEMENT
Title Diagnostic imaging :
Remainder of title interventional radiology /
Statement of responsibility, etc. Brandt C Wible, Jennifer R Buckley, Keith B Quencer, T Gregory Walker and Chad Davis.
250 ## - EDITION STATEMENT
Edition statement Third edition.
260 ## - PUBLICATION, DISTRIBUTION, ETC.
Place of publication, distribution, etc. Philadelphia, PA :
Name of publisher, distributor, etc. Elsevier,
Date of publication, distribution, etc. 2023.
300 ## - PHYSICAL DESCRIPTION
Extent xvi, 845, xliii pages :
Other physical details Illustrations) ;
Dimensions 29 cm.
336 ## - CONTENT TYPE
Content type term text
Content type code txt
Source rdacontent
337 ## - MEDIA TYPE
Source rdamedia
Media type term unmediated
Media type code n
338 ## - CARRIER TYPE
Source rdamedia
Carrier type term volume
Carrier type code nc
504 ## - BIBLIOGRAPHY, ETC. NOTE
Bibliography, etc. note Includes bibliographical references and index.
650 12 - SUBJECT ADDED ENTRY--TOPICAL TERM
Form subdivision Interventional radiology -- Handbooks, manuals, etc.
650 12 - SUBJECT ADDED ENTRY--TOPICAL TERM
Form subdivision Diagnostic imaging -- Handbooks, manuals, etc.
650 12 - SUBJECT ADDED ENTRY--TOPICAL TERM
Form subdivision Diagnostic Imaging -- methods.
650 12 - SUBJECT ADDED ENTRY--TOPICAL TERM
Form subdivision Minimally Invasive Surgical Procedures -- methods.
700 1# - ADDED ENTRY--PERSONAL NAME
Personal name Wible, Brandt C
Relator term Author
700 1# - ADDED ENTRY--PERSONAL NAME
Personal name Buckley, Jennifer R
Relator term Author
700 1# - ADDED ENTRY--PERSONAL NAME
Personal name Quencer, Keith B
Relator term Author
700 1# - ADDED ENTRY--PERSONAL NAME
Personal name Walker, Gregory T
Relator term Author
700 1# - ADDED ENTRY--PERSONAL NAME
Personal name Davis, Chad
Relator term Author
942 ## - ADDED ENTRY ELEMENTS (KOHA)
Source of classification or shelving scheme Library of Congress Classification
Koha item type Ordinary Loan Books
Edition Third edition.
Classification part RC78.D53 WIB
Call number prefix RC
Call number suffix WIB
Suppress in OPAC No
Holdings
Withdrawn status Lost status Source of classification or shelving scheme Damaged status Not for loan Collection Home library Current library Shelving location Date acquired Source of acquisition Cost, normal purchase price Total Checkouts Full call number Barcode Date last seen Accession number Cost, replacement price Price effective from Koha item type Public note
    LCC     NFIC MEDICAL MEDICAL GEN 04/16/2025 Book Aid International 259.00   RC78.D53 WIB 92004056281 04/16/2025 63094 259.00 04/16/2025 BOOKS Donation